Top 10 NBA players at each position (all time) - Statistics

General Stats
  • This quiz has been taken 777 times
    5 since last reset
  • The average score is 37 of 50
Answer Stats
Position Team Player % Correct
PG Clippers Chris Paul
100%
SG Heat Dwyane Wade
100%
PG Pistons Isiah Thomas
100%
SG Rockets James Harden
100%
PG Nets Jason Kidd
100%
PG Jazz John Stockton
100%
SG Lakers Kobe Bryant
100%
SF Celtics Larry Bird
100%
SF Cavaliers LeBron James
100%
PG Lakers Magic Johnson
100%
SG Bulls Michael Jordan
100%
PG Royals Oscar Robertson
100%
SG Pacers Reggie Miller
100%
PG Warriors Stephen Curry
100%
PG Suns Steve Nash
100%
SG 76ers Allen Iverson
75%
PF Pelicans Anthony Davis
75%
C Celtics Bill Russell
75%
SG Trail Blazers Clyde Drexler
75%
C Spurs David Robinson
75%
PF Mavericks Dirk Nowitzki
75%
PF Bucks Giannis Antetokounmpo
75%
C Rockets Hakeem Olajuwon
75%
PG Lakers Jerry West
75%
SF 76ers Julius Erving
75%
C Lakers Kareem Abdul-Jabbar
75%
PF Jazz Karl Malone
75%
SF Spurs Kawhi Leonard
75%
SF Thunder Kevin Durant
75%
PF Timberwolves Kevin Garnett
75%
PF Celtics Kevin McHale
75%
C 76ers Moses Malone
75%
C Nuggets Nikola Jokic
75%
C Knicks Patrick Ewing
75%
SF Bulls Scottie Pippen
75%
PG Thunder Shai Gilgeous-Alexander
75%
C Lakers Shaquille O'Neal
75%
PF Spurs Tim Duncan
75%
SG Raptors Vince Carter
75%
C Warriors Wilt Chamberlain
75%
PF Suns Charles Barkley
50%
SF Hawks Dominique Wilkins
50%
C Magic Dwight Howard
50%
SG Spurs George Gervin
50%
PF Hawks Bob Pettit
25%
SF Lakers Elgin Baylor
25%
PF Bullets Elvin Hayes
25%
SF Celtics John Havlicek
25%
SG Celtics Ray Allen
0%
SF Warriors Rick Barry
0%
No matching quizzes found
Score Distribution
Percent of People with Each Score
Percentile by Number Answered
Your Score History
You have not taken this quiz since the last reset